LEADER 01128nam 2200373 450 001 9910467873903321 005 20200520144314.0 010 $a94-92444-58-5 035 $a(CKB)4340000000263477 035 $a(MiAaPQ)EBC5340272 035 $a(Au-PeEL)EBL5340272 035 $a(CaPaEBR)ebr11541302 035 $a(OCoLC)1031344282 035 $a(EXLCZ)994340000000263477 100 $a20180509d2011 uy 0 101 0 $afre 135 $aurcnu|||||||| 181 $ctxt$2rdacontent 182 $cc$2rdamedia 183 $acr$2rdacarrier 200 14$aDet norske litteraere Feminapolis 1880-1980 $eSkram, Undset, Sandel og Haslunds byromaner-mot en ny modernistisk genre /$fJanna Egberdina Klok 210 1$aEelde :$cBarkhuis,$d2011. 215 $a1 online resource (299 pages) 311 $a90-77922-91-1 608 $aElectronic books. 676 $a839.82372 700 $aKlok$b Janna Egberdina$0884597 801 0$bMiAaPQ 801 1$bMiAaPQ 801 2$bMiAaPQ 906 $aBOOK 912 $a9910467873903321 996 $aDet norske litteraere Feminapolis 1880-1980$91975455 997 $aUNINA LEADER 01138nam a2200325 i 4500 001 991000755549707536 005 20020507173154.0 008 940303s1987 enk ||| | eng d 020 $a0521333393 035 $ab10752833-39ule_inst 035 $aLE01301847$9ExL 040 $aDip.to Matematica$beng 082 0 $a516.13 084 $aAMS 51D 084 $aAMS 51D20 084 $aQA166.6.C66 100 1 $aWhite, Neil$027866 245 10$aCombinatorial geometries /$cedited by Neil White 260 $aCambridge [Cambridgeshire] ; New York :$bCambridge University Press,$c1987 300 $axii, 212 p. :$bill. ;$c25 cm. 490 0 $aEncyclopedia of mathematics and its applications ;$v29 500 $aIncludes bibliographies and index. 650 0$aCombinatorial geometry 650 0$aMatroids 907 $a.b10752833$b23-02-17$c28-06-02 912 $a991000755549707536 945 $aLE013 51D WHI11 (1987)$g1$i2013000130576$lle013$o-$pE0.00$q-$rl$s- $t0$u13$v0$w13$x0$y.i1084644x$z28-06-02 996 $aCombinatorial geometries$979085 997 $aUNISALENTO 998 $ale013$b01-01-94$cm$da $e-$feng$genk$h0$i1